American General Knowledge by Letter - F - Statistics

General Stats
  • This quiz has been taken 56 times
  • The average score is 8 of 16
Answer Stats
Hint Answer % Correct
Super popular vacation state, its capital is Tallahassee Florida
100%
Popular car brand among many Americans, based in Michigan Ford
87%
New Jersey-born actor and singer famous for "(Theme From) New York, New York" Frank Sinatra
72%
Alaskan city serving as a "gateway to the Arctic" Fairbanks
65%
Capital of Kentucky Frankfort
63%
City in California referred to as the "Raisin Capital of the World" Fresno
61%
Major Dallas suburb sometimes nicknamed "Cowtown" Fort Worth
59%
City in the above state known for beaches and an extensive canal system Fort Lauderdale
50%
Lawyer, author, and poet who wrote what would become "The Star-Spangled Banner" Francis Scott Key
43%
Where the first shots of the Civil War were made Fort Sumter
39%
Waterfront neighborhood of San Francisco home to seafood and sea lions Fisherman's Wharf
30%
Budget airline based in Dallas Frontier
30%
Holiday commemorating the ratification of the Declaration of Independence 4th of July
28%
North Carolina city home to high military presence, including Fort Bragg Fayetteville
28%
202 mile river in Illinois and Wisconsin (hint: a small/medium sized mammal) Fox River
28%
City in Arkansas on the border with Oklahoma Fort Smith
19%
No matching quizzes found
Score Distribution
Percent of People with Each Score
Percentile by Number Answered
Your Score History
You have not taken this quiz